| 000 | 01093cas a22002415a 4500 | ||
|---|---|---|---|
| 001 | L142351 | ||
| 008 | 111114c2011 xxkur w ss 0 a0eng d | ||
| 035 | _a(Sirsi) u142351 | ||
| 041 | 0 | _aeng | |
| 050 | _a333.337 $2 18 | ||
| 110 | 2 |
_aColliers International _95548 |
|
| 245 | 0 | 0 |
_aAsia Pacific Office Market Overview _h[electronic resource] |
| 260 |
_a[S.l.] _bColliers _c2011- |
||
| 362 | 0 | _aQ1 2011- | |
| 490 | 0 |
_aColliers International Asia Pacific Office Market Overview _vQ1 2011- |
|
| 520 | _aProvides an overview of office markets in the Asia Pacific region. Covers major cities in greater China, north Asia, southeast Asia, India, and Australasia. Includes also data on prime office rentals, trends and forecasts. | ||
| 554 | _aQuarterly | ||
| 650 | 2 | 4 | _aCOLLIERS INTERNATIONAL ASIA PACIFIC OFFICE MARKET OVERVIEW |
| 651 | 4 | _aAsia Pacific | |
| 690 | _aPROPERTY-COMMERCIAL PROPERTY-COMMERCIAL PROPERTY MARKET | ||
| 856 | 4 | 0 |
_uhttps://www.colliersinternational.com/Markets/HongKong/MarketReports/ _zView the report free of charge at www.colliersinternational.com |
| 942 | _n0 | ||
| 999 |
_c119161 _d119161 |
||